000 02049ngm a2200385 a 4500
003 BLK
005 20240925134055.0
008 180410b bul||n||s|||||||| n|bulo|
010 _aCDD00001892000
040 _aBLK
041 _aBUL
_cBUL
080 _aКомедии
_b791.221.2
_x(497.2)(086.8)
_z791.221.2(497.2)(086.8)
139 _aАдио, Рио [DVD]
_bА 30
245 1 0 _aАдио, Рио [DVD]
_cсценарист Марко Кънчев Стойчев; режисьор Иван Андонов; в ролите Филип Трифонов; оператор Красимир Костов; музика Кирил Маричков.
257 _aBGR
260 _aСофия
_bНац. филмов център
_c2006
300 _a(3,79 GB)(88 мин.)
_bзв., цв.
_c12 см
_e1 брош. (1 л. ; 17Х47 см, сгънат до 17Х12 см)
380 _a7
490 _aDVD колекция Златни български филми
_v28
500 _aИзт. : Загл. екран ; Етикет ; Брош. - Системни изисквания : DVD устройство Windous Media Player. - Други изпълнители : В. Цветкова, П. Попйорданов, Н. Рударов, Г. мамалев, Н. Дончева. - Дигитарно изд. - Съдържа и За филма ; За колекцията
590 _aS.N: 66720 от КНИГИ
700 _aСтойчев, Марко Кънчев
_d1931 - 2006
_9248879
700 1 _aАндонов, Иван
_eрежисьор
_gСавов, Иван Андонов
_9377712
700 1 _aТрифонов, Филип
_eв ролите
_9354384
700 1 _aКостов, Красимир
_eоператор
_9366588
700 1 _aМаричков, Кирил
_eмузика
_9354385
852 _aЦб CD 1179
_p0
856 4 _qpdf
_u
856 4 _qpdf
_u
942 _cCDD
_n0
_01
944 _aCR
_c26.06.2006
_k30560
_lГеновева Генчева
944 _aED
_c21.03.2007
999 _c219525
_d219525
999 _d219525
999 _d219525